| 000 | 00679nam a22002057a 4500 | ||
|---|---|---|---|
| 003 | LC | ||
| 005 | 20160302141303.0 | ||
| 008 | 160302b xxu||||| |||| 00| 0 eng d | ||
| 020 | _a9780470550472 | ||
| 050 | _aLB 1025.3 .L48 2010 | ||
| 100 | _aLemov, Doug | ||
| 245 |
_aTeach like a champion : _b49 techniques that put students on path to college _cDoug Lemov ; foreword by Norman Atkins |
||
| 260 |
_aUSA : _bJossey - Bass _c2010 |
||
| 300 |
_a332 pages., _billustrations. _c21 cm. |
||
| 650 | _aEffective teaching. | ||
| 650 | _aAcademic achievement. | ||
| 650 | _aCollege preparation programs. | ||
| 651 | _aFort Worth Library -- Honorariums. | ||
| 942 |
_2lcc _cBK |
||
| 999 |
_c291049 _d291049 |
||